[Event "World Cup 2017"]
[Site "Tbilisi"]
[Date "2017.09.08"]
[Round "11.14"]
[White "Li Chao b (CHN)"]
[Black "Sevian Samuel (USA)"]
[Result "1/2-1/2"]
[BlackElo "2610"]
[WhiteElo "2745"]
[LiveChessVersion "1.4.8"]

1. c4 {[%clk 0:25:17]} e5 {[%clk 0:25:13]} 2. g3 {[%clk 0:25:25]} Nf6
{[%clk 0:25:19]} 3. Bg2 {[%clk 0:25:33]} d5 {[%clk 0:25:21]} 4. cxd5
{[%clk 0:25:41]} Nxd5 {[%clk 0:25:29]} 5. Nf3 {[%clk 0:25:49]} Nc6
{[%clk 0:25:31]} 6. O-O {[%clk 0:25:56]} Nb6 {[%clk 0:25:19]} 7. b3
{[%clk 0:25:56]} g6 {[%clk 0:24:22]} 8. Nc3 {[%clk 0:26:02]} Be7 {[%clk 0:23:11]}
9. d3 {[%clk 0:24:40]} O-O {[%clk 0:23:04]} 10. Bh6 {[%clk 0:24:42]} Re8
{[%clk 0:23:10]} 11. Rc1 {[%clk 0:24:39]} Nd4 {[%clk 0:21:35]} 12. Qd2
{[%clk 0:21:40]} Nf5 {[%clk 0:17:08]} 13. Ne4 {[%clk 0:21:26]} Nxh6
{[%clk 0:15:53]} 14. Qxh6 {[%clk 0:21:33]} Bf8 {[%clk 0:14:14]} 15. Qg5
{[%clk 0:20:27]} Qxg5 {[%clk 0:14:15]} 16. Nfxg5 {[%clk 0:20:34]} Be7
{[%clk 0:14:24]} 17. Nf3 {[%clk 0:19:47]} f5 {[%clk 0:12:56]} 18. Nc5
{[%clk 0:18:51]} Bf8 {[%clk 0:11:52]} 19. e4 {[%clk 0:17:15]} c6 {[%clk 0:11:24]}
20. Rfe1 {[%clk 0:17:24]} Bg7 {[%clk 0:10:42]} 21. Rc2 {[%clk 0:16:21]} Nd7
{[%clk 0:09:56]} 22. Na4 {[%clk 0:15:34]} Nb6 {[%clk 0:09:56]} 23. Nb2
{[%clk 0:14:20]} Bd7 {[%clk 0:09:45]} 24. Rce2 {[%clk 0:14:11]} Rad8
{[%clk 0:09:05]} 25. exf5 {[%clk 0:13:32]} Bxf5 {[%clk 0:09:14]} 26. Nxe5
{[%clk 0:13:25]} Rxe5 {[%clk 0:07:36]} 27. Rxe5 {[%clk 0:13:33]} Bxe5
{[%clk 0:07:44]} 28. Rxe5 {[%clk 0:13:41]} Bxd3 {[%clk 0:07:53]} 29. Nxd3
{[%clk 0:10:12]} Rxd3 {[%clk 0:08:01]} 30. Re8+ {[%clk 0:10:19]} Kf7
{[%clk 0:08:10]} 31. Rb8 {[%clk 0:10:27]} Rd1+ {[%clk 0:07:50]} 32. Bf1
{[%clk 0:10:35]} Rd7 {[%clk 0:07:59]} 33. h4 {[%clk 0:10:11]} Kf6
{[%clk 0:07:30]} 34. Bh3 {[%clk 0:10:04]} Re7 {[%clk 0:07:22]} 35. Bg2
{[%clk 0:10:05]} Rc7 {[%clk 0:07:25]} 36. Kf1 {[%clk 0:09:02]} Nd7
{[%clk 0:07:21]} 37. Re8 {[%clk 0:08:58]} Nc5 {[%clk 0:07:14]} 38. Ke2
{[%clk 0:08:18]} Kf7 {[%clk 0:07:07]} 39. Re3 {[%clk 0:08:06]} Rd7
{[%clk 0:06:40]} 40. f4 {[%clk 0:08:06]} Rd6 {[%clk 0:06:10]} 41. Bh3
{[%clk 0:07:46]} Rd4 {[%clk 0:05:30]} 42. f5 {[%clk 0:06:33]} a5 {[%clk 0:04:47]}
43. fxg6+ {[%clk 0:06:04]} hxg6 {[%clk 0:04:49]} 44. Rc3 {[%clk 0:05:53]} Re4+
{[%clk 0:03:38]} 45. Kf3 {[%clk 0:05:26]} Re5 {[%clk 0:03:46]} 46. g4
{[%clk 0:03:52]} Rd5 {[%clk 0:02:12]} 47. Bf1 {[%clk 0:03:33]} Nd7
{[%clk 0:02:01]} 48. Ke3 {[%clk 0:03:00]} Ne5 {[%clk 0:01:44]} 49. Be2
{[%clk 0:03:08]} Kg7 {[%clk 0:01:47]} 50. Rc1 {[%clk 0:03:06]} Nd7
{[%clk 0:01:45]} 51. Bf3 {[%clk 0:03:02]} Re5+ {[%clk 0:01:45]} 52. Kf4
{[%clk 0:03:04]} Re7 {[%clk 0:01:54]} 53. Rd1 {[%clk 0:02:40]} Rf7+
{[%clk 0:01:52]} 54. Kg3 {[%clk 0:02:48]} Re7 {[%clk 0:01:53]} 55. Rd6
{[%clk 0:02:37]} Nc5 {[%clk 0:01:55]} 56. h5 {[%clk 0:02:12]} gxh5
{[%clk 0:01:57]} 57. gxh5 {[%clk 0:02:20]} Ne4+ {[%clk 0:01:38]} 58. Bxe4
{[%clk 0:02:28]} Rxe4 {[%clk 0:01:48]} 59. Rd7+ {[%clk 0:02:36]} Kh6
{[%clk 0:01:57]} 60. Rxb7 {[%clk 0:02:45]} a4 {[%clk 0:01:49]} 61. Kf3
{[%clk 0:02:33]} Rh4 {[%clk 0:01:58]} 62. Ke3 {[%clk 0:02:12]} axb3
{[%clk 0:01:41]} 63. axb3 {[%clk 0:02:20]} Rxh5 {[%clk 0:01:44]} 64. Kd4
{[%clk 0:02:23]} Kg6 {[%clk 0:01:11]} 65. Rc7 {[%clk 0:02:11]} Kf6
{[%clk 0:01:17]} 66. Kc4 {[%clk 0:01:51]} Ke6 {[%clk 0:00:50]} 67. Rxc6+
{[%clk 0:01:59]} Kd7 {[%clk 0:01:00]} 68. Rc5 {[%clk 0:02:08]} Rh8
{[%clk 0:00:59]} 69. Kb4 {[%clk 0:02:01]} Kd6 {[%clk 0:01:02]} 70. Rc3
{[%clk 0:01:57]} Rb8+ {[%clk 0:01:05]} 71. Ka5 {[%clk 0:02:04]} Ra8+
{[%clk 0:01:01]} 72. Kb6 {[%clk 0:02:12]} Rb8+ {[%clk 0:01:10]} 73. Ka6
{[%clk 0:02:22]} Kd5 {[%clk 0:01:15]} 74. Ka5 {[%clk 0:02:20]} Ra8+
{[%clk 0:01:13]} 75. Kb4 {[%clk 0:02:28]} Rb8+ {[%clk 0:01:21]} 76. Ka3
{[%clk 0:02:38]} Ra8+ {[%clk 0:01:30]} 77. Kb2 {[%clk 0:02:47]} Rb8
{[%clk 0:01:40]} 78. Rc4 {[%clk 0:02:53]} Rh8 {[%clk 0:01:39]} 79. Kc3
{[%clk 0:02:41]} Rg8 {[%clk 0:01:48]} 80. Kb4 {[%clk 0:02:35]} Rb8+
{[%clk 0:01:52]} 81. Ka3 {[%clk 0:02:44]} Ra8+ {[%clk 0:02:01]} 82. Kb2
{[%clk 0:02:35]} Rh8 {[%clk 0:02:09]} 83. Rc7 {[%clk 0:02:37]} Kd6
{[%clk 0:02:17]} 84. Rc3 {[%clk 0:02:46]} Rb8 {[%clk 0:02:24]} 85. Rc4
{[%clk 0:02:54]} Kd5 {[%clk 0:02:30]} 86. Rc2 {[%clk 0:02:44]} Kd6
{[%clk 0:02:27]} 87. Rc1 {[%clk 0:01:48]} Kd5 {[%clk 0:02:33]} 88. Rc4
{[%clk 0:01:51]} Rh8 {[%clk 0:02:30]} 89. Ka3 {[%clk 0:01:54]} Ra8+
{[%clk 0:02:35]} 90. Ra4 {[%clk 0:02:02]} Rb8 {[%clk 0:02:30]} 91. Rh4
{[%clk 0:01:50]} Ra8+ {[%clk 0:02:31]} 92. Kb4 {[%clk 0:01:57]} Rb8+
{[%clk 0:02:39]} 93. Kc3 {[%clk 0:02:05]} Rc8+ {[%clk 0:02:48]} 94. Kb2
{[%clk 0:02:06]} Rg8 {[%clk 0:02:49]} 95. Rc4 1/2-1/2

[Event "World Cup 2017"]
[Site "Tbilisi"]
[Date "2017.09.08"]
[Round "11.15"]
[White "Sethuraman S.P. (IND)"]
[Black "Harikrishna P. (IND)"]
[Result "1/2-1/2"]
[BlackElo "2741"]
[WhiteElo "2617"]
[LiveChessVersion "1.4.8"]

1. e4 {[%clk 0:25:17]} e6 {[%clk 0:25:19]} 2. d4 {[%clk 0:25:26]} d5
{[%clk 0:25:28]} 3. Nc3 {[%clk 0:25:34]} Bb4 {[%clk 0:25:37]} 4. e5
{[%clk 0:24:50]} c5 {[%clk 0:25:46]} 5. a3 {[%clk 0:24:37]} Bxc3+
{[%clk 0:25:53]} 6. bxc3 {[%clk 0:24:46]} Qa5 {[%clk 0:26:02]} 7. Bd2
{[%clk 0:24:51]} Qa4 {[%clk 0:26:10]} 8. Qb1 {[%clk 0:23:42]} c4 {[%clk 0:26:18]}
9. Nh3 {[%clk 0:23:25]} Nc6 {[%clk 0:26:18]} 10. Nf4 {[%clk 0:23:26]} Bd7
{[%clk 0:26:09]} 11. Be2 {[%clk 0:23:34]} O-O-O {[%clk 0:26:06]} 12. O-O
{[%clk 0:23:20]} f6 {[%clk 0:26:10]} 13. Re1 {[%clk 0:22:36]} fxe5
{[%clk 0:22:13]} 14. dxe5 {[%clk 0:22:43]} Nxe5 {[%clk 0:22:17]} 15. Bh5
{[%clk 0:22:03]} Nc6 {[%clk 0:22:07]} 16. Bf7 {[%clk 0:21:45]} Nf6
{[%clk 0:21:37]} 17. Nxe6 {[%clk 0:19:08]} Bxe6 {[%clk 0:21:46]} 18. Bxe6+
{[%clk 0:19:16]} Kb8 {[%clk 0:21:55]} 19. f3 {[%clk 0:19:20]} Qa5
{[%clk 0:20:21]} 20. Qb2 {[%clk 0:19:07]} Qc7 {[%clk 0:19:57]} 21. Rab1
{[%clk 0:18:34]} b6 {[%clk 0:20:05]} 22. Be3 {[%clk 0:18:17]} Rhe8
{[%clk 0:18:01]} 23. Bf2 {[%clk 0:18:26]} Nh5 {[%clk 0:18:09]} 24. Qb5
{[%clk 0:15:21]} Nf4 {[%clk 0:15:02]} 25. Bg3 {[%clk 0:15:29]} g5
{[%clk 0:13:45]} 26. Bxf4 {[%clk 0:14:49]} gxf4 {[%clk 0:13:54]} 27. Bxd5
{[%clk 0:14:43]} Rxe1+ {[%clk 0:12:54]} 28. Rxe1 {[%clk 0:14:51]} Na5
{[%clk 0:13:03]} 29. Be4 {[%clk 0:13:44]} h6 {[%clk 0:11:48]} 30. Qf5
{[%clk 0:10:53]} Nb7 {[%clk 0:11:06]} 31. h4 {[%clk 0:09:15]} Qc5+
{[%clk 0:10:43]} 32. Kh2 {[%clk 0:09:23]} Qxf5 {[%clk 0:10:19]} 33. Bxf5
{[%clk 0:09:31]} Nc5 {[%clk 0:09:06]} 34. Re7 {[%clk 0:09:14]} Na4
{[%clk 0:06:08]} 35. Re4 {[%clk 0:09:13]} b5 {[%clk 0:05:55]} 36. Rxf4
{[%clk 0:08:09]} Rf8 {[%clk 0:06:03]} 37. g4 {[%clk 0:07:58]} Nxc3
{[%clk 0:06:12]} 38. Rd4 {[%clk 0:08:06]} a5 {[%clk 0:06:21]} 39. Rd6
{[%clk 0:06:33]} Kb7 {[%clk 0:05:52]} 40. Kg3 {[%clk 0:05:02]} a4
{[%clk 0:05:50]} 41. Be6 {[%clk 0:04:04]} Kc7 {[%clk 0:05:24]} 42. Rd7+
{[%clk 0:03:43]} Kc6 {[%clk 0:05:33]} 43. Ra7 {[%clk 0:03:30]} Ne2+
{[%clk 0:05:35]} 44. Kf2 {[%clk 0:03:20]} Nd4 {[%clk 0:05:44]} 45. Bf5
{[%clk 0:03:13]} Nxf5 {[%clk 0:04:33]} 46. gxf5 {[%clk 0:03:21]} Rxf5
{[%clk 0:04:31]} 47. Ra6+ {[%clk 0:03:01]} Kd5 {[%clk 0:04:15]} 48. c3
{[%clk 0:02:46]} h5 {[%clk 0:04:12]} 49. Rg6 {[%clk 0:02:31]} Re5
{[%clk 0:02:41]} 50. f4 {[%clk 0:02:28]} Re4 {[%clk 0:02:50]} 51. Rg5+
{[%clk 0:02:34]} Kd6 {[%clk 0:02:34]} 52. Rxh5 {[%clk 0:02:08]} Rxf4+
{[%clk 0:02:43]} 53. Ke3 {[%clk 0:02:06]} Rg4 {[%clk 0:02:46]} 54. Rxb5
{[%clk 0:01:56]} Rxh4 {[%clk 0:02:51]} 55. Ra5 {[%clk 0:02:04]} Rh3+
{[%clk 0:02:53]} 56. Kd4 {[%clk 0:02:12]} Rh4+ {[%clk 0:03:01]} 57. Ke3
{[%clk 0:02:20]} Rh3+ {[%clk 0:03:11]} 58. Kd4 {[%clk 0:02:20]} 1/2-1/2

[Event "World Cup 2017"]
[Site "Tbilisi"]
[Date "2017.09.08"]
[Round "11.17"]
[White "Navara David (CZE)"]
[Black "Cheparinov Ivan (BUL)"]
[Result "1-0"]
[BlackElo "2695"]
[WhiteElo "2720"]
[LiveChessVersion "1.4.8"]

1. c4 {[%clk 0:25:18]} c5 {[%clk 0:25:19]} 2. Nf3 {[%clk 0:25:26]} Nc6
{[%clk 0:25:28]} 3. d4 {[%clk 0:25:11]} cxd4 {[%clk 0:25:36]} 4. Nxd4
{[%clk 0:25:19]} Nf6 {[%clk 0:25:45]} 5. Nc3 {[%clk 0:25:27]} e6 {[%clk 0:25:54]}
6. a3 {[%clk 0:25:34]} Bc5 {[%clk 0:26:01]} 7. Nb3 {[%clk 0:25:40]} Bb6
{[%clk 0:26:07]} 8. c5 {[%clk 0:25:29]} Bc7 {[%clk 0:26:15]} 9. g3
{[%clk 0:25:36]} O-O {[%clk 0:26:10]} 10. Bg2 {[%clk 0:25:43]} b6
{[%clk 0:25:37]} 11. O-O {[%clk 0:25:50]} Be5 {[%clk 0:25:46]} 12. Be3
{[%clk 0:25:45]} Rb8 {[%clk 0:24:06]} 13. Rc1 {[%clk 0:25:01]} Ng4
{[%clk 0:23:02]} 14. Bd2 {[%clk 0:24:14]} bxc5 {[%clk 0:22:43]} 15. Nxc5
{[%clk 0:22:46]} Nf6 {[%clk 0:19:13]} 16. b4 {[%clk 0:22:24]} a5 {[%clk 0:17:03]}
17. b5 {[%clk 0:17:26]} Bxc3 {[%clk 0:17:08]} 18. Bxc3 {[%clk 0:17:19]} Rxb5
{[%clk 0:17:17]} 19. Qa4 {[%clk 0:15:36]} Rb6 {[%clk 0:12:13]} 20. Rfd1
{[%clk 0:15:43]} d5 {[%clk 0:11:55]} 21. e4 {[%clk 0:15:51]} Qe7 {[%clk 0:11:04]}
22. Bxf6 {[%clk 0:14:14]} Qxf6 {[%clk 0:10:51]} 23. exd5 {[%clk 0:14:21]} exd5
{[%clk 0:10:59]} 24. Rxd5 {[%clk 0:13:24]} Ne5 {[%clk 0:10:10]} 25. Qd4
{[%clk 0:10:29]} Ng4 {[%clk 0:10:14]} 26. h3 {[%clk 0:09:53]} Qxd4
{[%clk 0:10:15]} 27. Rxd4 {[%clk 0:09:48]} Nf6 {[%clk 0:09:31]} 28. Ra4
{[%clk 0:09:47]} Rb5 29. Bf1 {[%clk 0:09:53]} Rb2 {[%clk 0:09:27]} 30. Rxa5 h5
31. a4 {[%clk 0:09:40]} Bf5 {[%clk 0:08:19]} 32. Rb5 {[%clk 0:09:46]} Ra2
{[%clk 0:08:05]} 33. a5 {[%clk 0:08:55]} g6 {[%clk 0:07:58]} 34. a6 Ne4
{[%clk 0:07:33]} 35. g4 {[%clk 0:03:50]} hxg4 {[%clk 0:07:42]} 36. hxg4
{[%clk 0:03:59]} Nxc5 {[%clk 0:07:15]} 37. gxf5 {[%clk 0:04:07]} Nxa6
{[%clk 0:06:52]} 38. fxg6 {[%clk 0:04:15]} Kg7 {[%clk 0:03:30]} 39. Bc4
{[%clk 0:04:16]} Ra4 {[%clk 0:03:34]} 40. gxf7 {[%clk 0:03:56]} Nc7
{[%clk 0:02:43]} 41. Rc5 {[%clk 0:03:59]} Ra7 {[%clk 0:02:37]} 42. Bb3
{[%clk 0:03:20]} Na6 {[%clk 0:02:33]} 43. Rg5+ {[%clk 0:03:22]} Kf6
{[%clk 0:02:25]} 44. Rg8 {[%clk 0:03:29]} Raa8 {[%clk 0:02:35]} 1-0

[Event "World Cup 2017"]
[Site "Tbilisi"]
[Date "2017.09.08"]
[Round "11.19"]
[White "Matlakov Maxim (RUS)"]
[Black "Andreikin Dmitry (RUS)"]
[Result "1/2-1/2"]
[BlackElo "2708"]
[WhiteElo "2728"]
[LiveChessVersion "1.4.8"]

1. d4 {[%clk 0:25:17]} Nf6 {[%clk 0:25:17]} 2. c4 {[%clk 0:25:25]} e6
{[%clk 0:25:24]} 3. Nf3 {[%clk 0:25:31]} d5 {[%clk 0:25:24]} 4. g3
{[%clk 0:25:37]} Bb4+ {[%clk 0:25:31]} 5. Nbd2 {[%clk 0:25:36]} O-O
{[%clk 0:25:32]} 6. Bg2 {[%clk 0:25:34]} b6 {[%clk 0:25:41]} 7. O-O
{[%clk 0:25:31]} Bb7 {[%clk 0:25:48]} 8. b3 {[%clk 0:25:32]} Qe7 {[%clk 0:20:00]}
9. Bb2 {[%clk 0:25:06]} Rd8 {[%clk 0:20:06]} 10. a3 {[%clk 0:22:58]} Bd6
{[%clk 0:20:14]} 11. Nh4 {[%clk 0:20:43]} c5 {[%clk 0:18:14]} 12. cxd5
{[%clk 0:20:01]} Nxd5 {[%clk 0:18:20]} 13. e4 {[%clk 0:12:41]} Nf4
{[%clk 0:18:28]} 14. e5 {[%clk 0:12:40]} Nxg2 {[%clk 0:18:19]} 15. exd6
{[%clk 0:12:47]} Qxd6 {[%clk 0:17:47]} 16. Nxg2 {[%clk 0:12:52]} cxd4
{[%clk 0:17:49]} 17. Qg4 {[%clk 0:11:54]} Nc6 {[%clk 0:14:43]} 18. Nc4
{[%clk 0:11:49]} Qc5 {[%clk 0:13:09]} 19. Rac1 {[%clk 0:10:30]} Qb5
{[%clk 0:12:33]} 20. Nf4 {[%clk 0:09:36]} Qxb3 {[%clk 0:12:19]} 21. Nh5
{[%clk 0:08:49]} g6 {[%clk 0:12:27]} 22. Nf6+ {[%clk 0:07:49]} Kg7
{[%clk 0:12:36]} 23. Nh5+ {[%clk 0:07:47]} Kg8 {[%clk 0:11:52]} 24. Nf6+
{[%clk 0:07:55]} Kg7 {[%clk 0:11:53]} 25. Nh5+ {[%clk 0:08:01]} Kg8
{[%clk 0:10:33]} 26. Nf6+ {[%clk 0:07:49]} 1/2-1/2

[Event "World Cup 2017"]
[Site "Tbilisi"]
[Date "2017.09.08"]
[Round "11.21"]
[White "Vitiugov Nikita (RUS)"]
[Black "Najer Evgeniy (RUS)"]
[Result "0-1"]
[BlackElo "2694"]
[WhiteElo "2728"]
[LiveChessVersion "1.4.8"]

1. d4 {[%clk 0:25:18]} Nf6 {[%clk 0:25:16]} 2. c4 {[%clk 0:25:20]} e6
{[%clk 0:25:24]} 3. Nf3 {[%clk 0:25:13]} Bb4+ {[%clk 0:25:32]} 4. Nbd2
{[%clk 0:24:13]} O-O {[%clk 0:25:39]} 5. g3 {[%clk 0:23:41]} b6 {[%clk 0:25:01]}
6. Bg2 {[%clk 0:23:46]} Bb7 {[%clk 0:25:10]} 7. O-O {[%clk 0:23:44]} Re8
{[%clk 0:24:27]} 8. b3 {[%clk 0:22:09]} a5 {[%clk 0:24:12]} 9. a3
{[%clk 0:21:29]} Bxd2 {[%clk 0:23:19]} 10. Qxd2 {[%clk 0:19:59]} d6
{[%clk 0:23:28]} 11. a4 {[%clk 0:19:11]} Nbd7 {[%clk 0:23:24]} 12. Bb2
{[%clk 0:19:09]} e5 {[%clk 0:22:57]} 13. d5 {[%clk 0:18:21]} Nc5 {[%clk 0:22:05]}
14. Qc2 {[%clk 0:18:24]} Bc8 {[%clk 0:19:10]} 15. Nd2 {[%clk 0:17:24]} Bg4
{[%clk 0:18:16]} 16. f3 {[%clk 0:17:05]} Bd7 {[%clk 0:18:19]} 17. e4
{[%clk 0:15:51]} h5 {[%clk 0:17:46]} 18. Rae1 {[%clk 0:14:20]} h4
{[%clk 0:17:49]} 19. f4 {[%clk 0:13:28]} hxg3 {[%clk 0:14:52]} 20. hxg3
{[%clk 0:13:35]} Ng4 {[%clk 0:14:54]} 21. Nf3 {[%clk 0:12:37]} c6
{[%clk 0:14:20]} 22. dxc6 {[%clk 0:09:27]} Bxc6 {[%clk 0:14:28]} 23. Nh4
{[%clk 0:09:19]} exf4 {[%clk 0:09:20]} 24. Rxf4 {[%clk 0:07:21]} Ne5
{[%clk 0:09:07]} 25. Rd1 {[%clk 0:06:33]} Ra7 {[%clk 0:07:31]} 26. Nf5
{[%clk 0:06:25]} Rd7 {[%clk 0:07:40]} 27. Qe2 {[%clk 0:04:36]} Qg5
{[%clk 0:03:55]} 28. Qe3 {[%clk 0:01:28]} Red8 {[%clk 0:01:45]} 29. Rdf1
{[%clk 0:01:03]} Ncd3 {[%clk 0:01:35]} 30. Bd4 {[%clk 0:00:56]} Nc5
{[%clk 0:01:29]} 31. Bb2 {[%clk 0:00:48]} Ncd3 {[%clk 0:01:37]} 32. Bd4
{[%clk 0:00:57]} Nc5 {[%clk 0:01:46]} 33. Qe2 {[%clk 0:00:41]} Kf8
{[%clk 0:00:43]} 34. Rh4 {[%clk 0:00:46]} f6 {[%clk 0:00:41]} 35. Be3
{[%clk 0:00:29]} Qg6 {[%clk 0:00:50]} 36. Bf4 {[%clk 0:00:19]} Ne6
{[%clk 0:00:18]} 37. Be3 {[%clk 0:00:19]} Nc5 {[%clk 0:00:26]} 38. Bf4
{[%clk 0:00:26]} Ne6 {[%clk 0:00:36]} 39. Bc1 {[%clk 0:00:17]} Kf7
{[%clk 0:00:20]} 40. Rd1 {[%clk 0:00:18]} Nc5 {[%clk 0:00:18]} 41. Bf4
{[%clk 0:00:15]} Nxb3 {[%clk 0:00:14]} 42. Rb1 {[%clk 0:00:12]} Nc5
{[%clk 0:00:22]} 43. Rxb6 {[%clk 0:00:20]} Rb7 {[%clk 0:00:13]} 44. Rxb7+
{[%clk 0:00:22]} Bxb7 {[%clk 0:00:22]} 45. Bxe5 {[%clk 0:00:15]} dxe5
{[%clk 0:00:30]} 46. Rg4 {[%clk 0:00:22]} Rd2 {[%clk 0:00:37]} 47. Qxd2
{[%clk 0:00:15]} Qxg4 {[%clk 0:00:45]} 48. Nd6+ {[%clk 0:00:13]} Ke7
{[%clk 0:00:28]} 49. Nf5+ {[%clk 0:00:22]} Kf7 {[%clk 0:00:37]} 50. Nd6+
{[%clk 0:00:30]} Kg6 {[%clk 0:00:32]} 51. Nxb7 {[%clk 0:00:25]} Nxb7
{[%clk 0:00:40]} 52. Qd5 {[%clk 0:00:27]} Qc8 {[%clk 0:00:48]} 53. Kh2
{[%clk 0:00:29]} Qc7 {[%clk 0:00:33]} 54. Bh3 {[%clk 0:00:29]} Kh7
{[%clk 0:00:36]} 55. Bf5+ {[%clk 0:00:13]} g6 {[%clk 0:00:45]} 56. Bd7
{[%clk 0:00:20]} Kg7 {[%clk 0:00:37]} 57. Qe6 {[%clk 0:00:12]} Qc5
{[%clk 0:00:36]} 58. Bc6 {[%clk 0:00:15]} Qf2+ {[%clk 0:00:27]} 59. Kh3
{[%clk 0:00:23]} Nc5 {[%clk 0:00:35]} 60. Qe7+ {[%clk 0:00:17]} Kh6
{[%clk 0:00:44]} 61. Qf8+ {[%clk 0:00:23]} Kg5 {[%clk 0:00:52]} 62. Qd8
{[%clk 0:00:16]} Qf1+ {[%clk 0:00:53]} 63. Kh2 {[%clk 0:00:25]} Nd3
{[%clk 0:00:29]} 64. Qb6 {[%clk 0:00:32]} Qe2+ {[%clk 0:00:26]} 65. Kg1
{[%clk 0:00:41]} Kg4 {[%clk 0:00:25]} 66. Bd7+ {[%clk 0:00:39]} Kxg3
{[%clk 0:00:18]} 0-1

[Event "World Cup 2017"]
[Site "Tbilisi"]
[Date "2017.09.08"]
[Round "12.1"]
[White "Bluebaum Matthias (GER)"]
[Black "So Wesley (USA)"]
[Result "1/2-1/2"]
[BlackElo "2792"]
[WhiteElo "2633"]
[LiveChessVersion "1.4.8"]

1. d4 {[%clk 0:25:17]} Nf6 {[%clk 0:25:19]} 2. c4 {[%clk 0:25:26]} e6
{[%clk 0:25:27]} 3. Nf3 {[%clk 0:25:35]} d5 {[%clk 0:25:36]} 4. Nc3
{[%clk 0:25:44]} c5 {[%clk 0:25:45]} 5. cxd5 {[%clk 0:25:51]} cxd4
{[%clk 0:25:54]} 6. Qxd4 {[%clk 0:25:59]} exd5 {[%clk 0:26:03]} 7. Bg5
{[%clk 0:26:08]} Be7 {[%clk 0:26:08]} 8. e3 {[%clk 0:26:16]} O-O {[%clk 0:26:16]}
9. Be2 {[%clk 0:26:24]} h6 {[%clk 0:26:22]} 10. Bh4 {[%clk 0:26:29]} Nc6
{[%clk 0:26:30]} 11. Qd3 {[%clk 0:26:38]} Qb6 {[%clk 0:25:30]} 12. O-O
{[%clk 0:26:16]} Rd8 {[%clk 0:24:58]} 13. Rfd1 {[%clk 0:25:22]} Bg4
{[%clk 0:23:46]} 14. Qb5 {[%clk 0:24:07]} Qxb5 {[%clk 0:19:58]} 15. Nxb5
{[%clk 0:23:58]} Rac8 {[%clk 0:20:07]} 16. h3 {[%clk 0:23:30]} Be6
{[%clk 0:17:29]} 17. Rac1 {[%clk 0:22:38]} g5 {[%clk 0:16:56]} 18. Bg3
{[%clk 0:22:45]} Ne4 {[%clk 0:17:04]} 19. Bc7 {[%clk 0:22:28]} Re8
{[%clk 0:16:59]} 20. Bh2 {[%clk 0:22:22]} Bf6 {[%clk 0:16:40]} 21. Nfd4
{[%clk 0:20:48]} Nxd4 {[%clk 0:16:43]} 22. Nxd4 {[%clk 0:20:34]} Rxc1
{[%clk 0:13:48]} 23. Rxc1 {[%clk 0:20:42]} Rc8 {[%clk 0:13:55]} 24. Rxc8+
{[%clk 0:19:41]} Bxc8 {[%clk 0:14:04]} 25. Kf1 {[%clk 0:18:56]} Nc5
{[%clk 0:13:16]} 26. Bf3 {[%clk 0:17:19]} Be6 {[%clk 0:12:44]} 27. b3
{[%clk 0:16:12]} Bxd4 {[%clk 0:11:21]} 28. exd4 {[%clk 0:16:19]} Ne4
{[%clk 0:11:30]} 29. Ke1 {[%clk 0:14:19]} Bf5 {[%clk 0:10:53]} 30. a4
{[%clk 0:13:23]} Kf8 {[%clk 0:10:40]} 31. Ke2 {[%clk 0:12:37]} Ke7
{[%clk 0:09:56]} 32. Ke3 {[%clk 0:12:45]} Ke6 {[%clk 0:09:23]} 33. Bh5
{[%clk 0:11:26]} Bh7 {[%clk 0:07:20]} 34. Be5 {[%clk 0:10:16]} f6
{[%clk 0:07:03]} 35. Bb8 {[%clk 0:09:45]} a6 {[%clk 0:07:12]} 36. Bc7
{[%clk 0:09:53]} Nd6 {[%clk 0:06:56]} 37. Bxd6 {[%clk 0:08:09]} Kxd6
{[%clk 0:07:04]} 38. a5 {[%clk 0:08:17]} Be4 {[%clk 0:06:16]} 39. g3
{[%clk 0:08:03]} Bf5 {[%clk 0:06:08]} 40. h4 {[%clk 0:07:42]} Kc6
{[%clk 0:06:12]} 41. Be2 {[%clk 0:07:02]} Bc2 {[%clk 0:05:58]} 42. b4
{[%clk 0:07:03]} 1/2-1/2

[Event "World Cup 2017"]
[Site "Tbilisi"]
[Date "2017.09.08"]
[Round "12.2"]
[White "Caruana Fabiano (USA)"]
[Black "Lenic Luka (SLO)"]
[Result "1/2-1/2"]
[BlackElo "2646"]
[WhiteElo "2799"]
[LiveChessVersion "1.4.8"]

1. e4 {[%clk 0:25:18]} c5 {[%clk 0:25:19]} 2. Nf3 {[%clk 0:25:26]} Nc6
{[%clk 0:25:27]} 3. Bb5 {[%clk 0:25:34]} e6 {[%clk 0:25:36]} 4. O-O
{[%clk 0:25:41]} Nge7 {[%clk 0:25:44]} 5. d4 {[%clk 0:25:49]} cxd4
{[%clk 0:25:52]} 6. Nxd4 {[%clk 0:25:57]} Qb6 {[%clk 0:26:00]} 7. Nxc6
{[%clk 0:26:05]} dxc6 {[%clk 0:26:08]} 8. Bc4 {[%clk 0:26:13]} Ng6
{[%clk 0:26:17]} 9. a4 {[%clk 0:26:19]} Be7 {[%clk 0:26:12]} 10. Bb3
{[%clk 0:26:10]} O-O {[%clk 0:24:10]} 11. Be3 {[%clk 0:26:18]} Qc7
{[%clk 0:24:16]} 12. f4 {[%clk 0:26:24]} b6 {[%clk 0:21:10]} 13. Qe2
{[%clk 0:26:27]} Bf6 {[%clk 0:18:04]} 14. c3 {[%clk 0:23:26]} Bb7
{[%clk 0:18:07]} 15. a5 {[%clk 0:17:40]} c5 {[%clk 0:18:10]} 16. Nd2
{[%clk 0:17:48]} Rad8 {[%clk 0:17:14]} 17. g3 {[%clk 0:17:32]} Rfe8
{[%clk 0:14:52]} 18. h4 {[%clk 0:15:20]} h6 {[%clk 0:14:41]} 19. Bc4
{[%clk 0:14:07]} Bc6 {[%clk 0:13:00]} 20. Bb5 {[%clk 0:12:15]} Ne7
{[%clk 0:08:55]} 21. Rfd1 {[%clk 0:07:53]} Nc8 {[%clk 0:08:22]} 22. Bd3
{[%clk 0:07:41]} Rd7 {[%clk 0:06:37]} 23. axb6 {[%clk 0:07:42]} axb6
{[%clk 0:06:46]} 24. Bc2 {[%clk 0:06:14]} Red8 {[%clk 0:06:42]} 25. e5
{[%clk 0:04:40]} Be7 {[%clk 0:06:50]} 26. Ne4 {[%clk 0:04:48]} Bf8
{[%clk 0:05:31]} 27. Bf2 {[%clk 0:04:31]} Bb7 {[%clk 0:04:37]} 28. Rxd7
{[%clk 0:04:30]} Rxd7 {[%clk 0:04:46]} 29. Rd1 {[%clk 0:04:22]} Rxd1+
{[%clk 0:02:37]} 30. Qxd1 {[%clk 0:04:30]} c4 {[%clk 0:02:38]} 31. g4
{[%clk 0:03:33]} Qc6 {[%clk 0:02:07]} 32. h5 {[%clk 0:01:40]} Ne7
{[%clk 0:01:49]} 33. Kh2 {[%clk 0:01:38]} Nd5 {[%clk 0:01:53]} 34. Qf3
{[%clk 0:00:45]} Qb5 {[%clk 0:01:41]} 35. Nd6 {[%clk 0:00:49]} Qxb2
{[%clk 0:00:29]} 36. Be4 {[%clk 0:00:57]} Bxd6 {[%clk 0:00:17]} 37. exd6
{[%clk 0:01:06]} Qb5 {[%clk 0:00:21]} 38. f5 {[%clk 0:01:08]} Qd7
{[%clk 0:00:28]} 39. Bg3 {[%clk 0:01:14]} b5 {[%clk 0:00:23]} 40. fxe6
{[%clk 0:01:16]} Qxe6 {[%clk 0:00:21]} 41. Bf5 {[%clk 0:01:02]} Qe8
{[%clk 0:00:17]} 42. d7 {[%clk 0:01:10]} Qd8 {[%clk 0:00:27]} 43. Qe4
{[%clk 0:00:39]} Bc6 {[%clk 0:00:36]} 44. Bd6 {[%clk 0:00:28]} Bxd7
{[%clk 0:00:21]} 45. Qxd5 {[%clk 0:00:31]} Bxf5 {[%clk 0:00:29]} 46. gxf5
{[%clk 0:00:40]} Qh4+ {[%clk 0:00:35]} 47. Kg2 {[%clk 0:00:49]} Qxh5
{[%clk 0:00:34]} 48. Qa8+ {[%clk 0:00:53]} Kh7 {[%clk 0:00:43]} 49. Qe4
{[%clk 0:01:01]} f6 {[%clk 0:00:32]} 50. Bc5 {[%clk 0:00:45]} Qd1
{[%clk 0:00:31]} 51. Qf3 {[%clk 0:00:32]} Qd2+ {[%clk 0:00:30]} 52. Kh3
{[%clk 0:00:36]} Qc2 {[%clk 0:00:17]} 53. Kg4 {[%clk 0:00:33]} Qh2
{[%clk 0:00:19]} 54. Qf2 {[%clk 0:00:24]} h5+ {[%clk 0:00:20]} 55. Kf3
{[%clk 0:00:33]} Qe5 {[%clk 0:00:29]} 56. Kg2 {[%clk 0:00:25]} Qxc3
{[%clk 0:00:24]} 57. Qe2 {[%clk 0:00:33]} Qe5 {[%clk 0:00:20]} 58. Qxh5+
{[%clk 0:00:41]} Kg8 {[%clk 0:00:29]} 59. Bd4 {[%clk 0:00:16]} Qe4+
{[%clk 0:00:20]} 60. Kg3 {[%clk 0:00:25]} Qe1+ {[%clk 0:00:13]} 61. Kg2
{[%clk 0:00:32]} Qe4+ {[%clk 0:00:17]} 62. Kg3 {[%clk 0:00:41]} c3
{[%clk 0:00:18]} 63. Bxc3 {[%clk 0:00:44]} b4 {[%clk 0:00:18]} 64. Bb2
{[%clk 0:00:30]} Qd3+ {[%clk 0:00:19]} 65. Qf3 {[%clk 0:00:37]} Qxf3+
{[%clk 0:00:14]} 66. Kxf3 {[%clk 0:00:45]} Kf7 {[%clk 0:00:23]} 1/2-1/2